[Event "Cheliabinsk Lozovatsky Memorial-A"]
[Site "Cheliabinsk"]
[Date "2023.01.27"]
[Round "1"]
[White "Nogerbek, Kazybek"]
[Black "Zhukov, Anton"]
[Result "1-0"]
[WhiteElo "2472"]
[BlackElo "2194"]
[PlyCount "115"]
[EventDate "2023.01.27"]
[EventType "swiss"]
[EventRounds "10"]
[EventCountry "RUS"]
[SourceTitle "CBM 212 Extra"]
[Source "ChessBase"]
[SourceDate "2023.03.31"]
[SourceVersion "1"]
[SourceVersionDate "2023.03.31"]
[SourceQuality "1"]

1. c4 Nf6 2. Nf3 e6 3. b3 d5 4. Bb2 b6 5. cxd5 exd5 6. g3 Bb7 7. Bg2 Bd6 8. 0-0 0-0 9. Nc3 a6 10. Rc1 Nbd7 11. e3 Re8 12. Re1 Ne5 13. Nxe5 Bxe5 14. Qc2 Rc8 15. Ne2 Bxb2 16. Qxb2 a5 17. Rc2 Ba6 18. Bh3 Ra8 19. d4 Bc8 20. Bxc8 Rxc8 21. Rc6 Qd7 22. Qc2 Re6 23. Rxe6 fxe6 24. Qd3 Ne4 25. f3 Nd6 26. e4 dxe4 27. fxe4 Qb5 28. Qxb5 Nxb5 29. a4 Nd6 30. Nf4 Kf7 31. g4 Ke7 32. e5 Nf7 33. Kf2 Rd8 34. Rc1 Rxd4 35. Rxc7+ Rd7 36. Rc6 Nd8 37. Rxb6 g5 38. Nh5 Rd5 39. Nf6 Rxe5 40. Nxh7 Rd5 41. Rb5 Rxb5 42. axb5 Nf7 43. Ke3 Kd6 44. Kd4 e5+ 45. Kc4 e4 46. Kd4 e3 47. Kxe3 Kc5 48. Kd2 Kxb5 49. Kc3 Kc5 50. Nf6 Kb5 51. Ne4 Kc6 52. Kd4 Kb5 53. Nd2 Kb4 54. Nc4 Nh8 55. Ke5 Ng6+ 56. Kf6 Nh4 57. Kxg5 Nf3+ 58. Kf4 1-0

[Event "Chigorin Memorial 29th"]
[Site "St Petersburg"]
[Date "2022.10.26"]
[Round "5"]
[White "Shinkarev, Artem"]
[Black "Zhukov, Anton"]
[Result "0-1"]
[WhiteElo "1987"]
[BlackElo "2193"]
[PlyCount "112"]
[EventDate "2022.10.22"]
[EventType "swiss"]
[EventRounds "9"]
[EventCountry "RUS"]
[SourceTitle "EXT 2024"]
[Source "ChessBase"]
[SourceDate "2023.10.10"]
[SourceVersion "1"]
[SourceVersionDate "2023.10.10"]
[SourceQuality "1"]

1. d4 d5 2. c4 dxc4 3. Nf3 Nf6 4. e3 Bg4 5. Bxc4 e6 6. Nc3 Nc6 7. Be2 Bd6 8. h3 Bh5 9. 0-0 0-0 10. Qb3 Rb8 11. Rd1 Qe7 12. Bd2 h6 13. Be1 Bg6 14. Nb5 a6 15. Nxd6 cxd6 16. Rac1 Rfc8 17. Nd2 d5 18. Nb1 Ne8 19. Nc3 b5 20. a3 Nd6 21. Na2 a5 22. Nc3 a4 23. Qa2 Nc4 24. b3 axb3 25. Qxb3 b4 26. axb4 Nxb4 27. Bxc4 dxc4 28. Qa3 Qd8 29. Qa7 Ra8 30. Qb7 Rcb8 31. Qf3 Bc2 32. Rd2 Bb3 33. d5 Nd3 34. dxe6 fxe6 35. Rb1 Qa5 36. Ne4 Qe5 37. Rxd3 cxd3 38. Bc3 Qc7 39. Qh5 Bd5 40. Rxb8+ Rxb8 41. Be5 Rb1+ 42. Kh2 Qf7 43. Qg4 Bxe4 44. Qxe4 Qf5 45. Qa8+ Kh7 46. Bc3 Qd5 47. Qf8 Rb7 48. Bd2 Qe5+ 49. f4 Qe4 50. Qc5 Rb2 51. Qa5 Rc2 52. Kg3 Qd5 53. Qb4 Qc4 54. Qa5 Qc5 55. Qa4 Rxd2 56. Qe4+ Qf5 0-1

[Event "Chigorin Memorial 29th"]
[Site "St Petersburg"]
[Date "2022.10.24"]
[Round "3"]
[White "Kiseleva, Arina"]
[Black "Zhukov, Anton"]
[Result "0-1"]
[WhiteElo "1934"]
[BlackElo "2193"]
[PlyCount "94"]
[EventDate "2022.10.22"]
[EventType "swiss"]
[EventRounds "9"]
[EventCountry "RUS"]
[SourceTitle "EXT 2024"]
[Source "ChessBase"]
[SourceDate "2023.10.10"]
[SourceVersion "1"]
[SourceVersionDate "2023.10.10"]
[SourceQuality "1"]

1. d4 Nf6 2. c4 g6 3. Nc3 Bg7 4. e4 d6 5. h3 0-0 6. Bg5 c6 7. Bd3 Na6 8. Nf3 Nc7 9. a4 Qe8 10. Bc2 a5 11. Qd2 Nd7 12. Bh6 e5 13. d5 cxd5 14. Bxg7 Kxg7 15. exd5 Qe7 16. 0-0-0 Na6 17. g4 Ndc5 18. Rdg1 Nb4 19. Kb1 Bd7 20. h4 h6 21. Ne1 Rh8 22. h5 g5 23. b3 Rhf8 24. Kb2 f5 25. f3 fxg4 26. fxg4 Rf4 27. Ne2 Rxg4 28. Rxg4 Bxg4 29. Ng3 Rf8 30. Rh2 Qf6 31. Ne4 Nxe4 32. Bxe4 Qf4 33. Bg6 b6 34. Rg2 Qxd2+ 35. Rxd2 Bf5 36. Bxf5 Rxf5 37. Ng2 Rf3 38. Re2 Nd3+ 39. Kc2 Nf4 40. Nxf4 gxf4 41. Rh2 Kf6 42. Rh1 e4 43. b4 axb4 44. Rb1 Rc3+ 45. Kd2 Rxc4 46. Rg1 Rd4+ 47. Ke2 b3 0-1

[Event "Chigorin Memorial 29th"]
[Site "St Petersburg"]
[Date "2022.10.23"]
[Round "2"]
[White "Zhukov, Anton"]
[Black "Postemskiy, Andrey"]
[Result "1/2-1/2"]
[WhiteElo "2193"]
[BlackElo "1905"]
[PlyCount "143"]
[EventDate "2022.10.22"]
[EventType "swiss"]
[EventRounds "9"]
[EventCountry "RUS"]
[SourceTitle "EXT 2024"]
[Source "ChessBase"]
[SourceDate "2023.10.10"]
[SourceVersion "1"]
[SourceVersionDate "2023.10.10"]
[SourceQuality "1"]

1. d4 Nf6 2. c4 c6 3. Nf3 d5 4. e3 e6 5. Nbd2 Bd6 6. b3 Nbd7 7. Bb2 0-0 8. Bd3 b6 9. 0-0 Bb7 10. Ne5 c5 11. f4 Ne4 12. Bxe4 dxe4 13. Nxd7 Qxd7 14. Qc2 f5 15. Rad1 Qc7 16. Rf2 Rad8 17. Nf1 cxd4 18. Bxd4 e5 19. fxe5 Bxe5 20. Bxe5 Qxe5 21. Rfd2 Rxd2 22. Qxd2 g6 23. Qd4 Qxd4 24. Rxd4 Bc6 25. Ng3 Kf7 26. Ne2 Ke7 27. Rd2 Bd7 28. h4 Rc8 29. Nf4 b5 30. cxb5 Bxb5 31. Rd5 Rc1+ 32. Kf2 Rc2+ 33. Ke1 a6 34. a4 Bc6 35. Ra5 Bb7 36. Re5+ Kd7 37. h5 Rc3 38. hxg6 hxg6 39. Kf2 Rc6 40. b4 Rb6 41. b5 Bc8 42. Rd5+ Ke8 43. Rc5 Bb7 44. bxa6 Rxa6 45. a5 Kd7 46. Re5 Bc8 47. Rb5 Kc6 48. Rb8 Kc7 49. Rb6 Rxa5 50. Rxg6 Kd7 51. Kg3 Ke7 52. Ne2 Rc5 53. Nd4 Kf7 54. Rb6 Rc1 55. Kf4 Rf1+ 56. Ke5 Rf2 57. Rc6 Bd7 58. Rc7 Ke7 59. g3 Rg2 60. Ra7 Ke8 61. Kd6 Rxg3 62. Rxd7 Rxe3 63. Re7+ Kf8 64. Ne6+ Kg8 65. Ke5 Rh3 66. Ng5 Rh6 67. Kxf5 Kf8 68. Rxe4 Ra6 69. Re5 Rb6 70. Ne4 Rb1 71. Ke6 Rb6+ 72. Nd6 1/2-1/2

[Event "Moscow op-A 18th"]
[Site "Moscow"]
[Date "2022.07.15"]
[Round "2"]
[White "Lobanov, Sergei"]
[Black "Zhukov, Anton"]
[Result "1-0"]
[WhiteElo "2532"]
[BlackElo "2215"]
[PlyCount "113"]
[EventDate "2022.07.14"]
[EventType "swiss"]
[EventRounds "9"]
[EventCountry "RUS"]
[SourceTitle "CBM 209 Extra"]
[Source "ChessBase"]
[SourceDate "2022.09.30"]
[SourceVersion "1"]
[SourceVersionDate "2022.09.30"]
[SourceQuality "1"]

1. e4 c6 2. d4 d5 3. e5 Bf5 4. Nd2 e6 5. Nb3 a6 6. Nf3 c5 7. c3 c4 8. Nbd2 Nc6 9. Be2 h6 10. Nf1 Nge7 11. Ne3 Bh7 12. 0-0 Nf5 13. g3 Nxe3 14. Bxe3 Be7 15. Nd2 0-0 16. f4 b5 17. a3 a5 18. Bg4 Qb6 19. Qf3 b4 20. f5 Bg5 21. Rae1 Bxe3+ 22. Qxe3 exf5 23. Bxf5 Bxf5 24. Rxf5 Ne7 25. Rf2 bxa3 26. bxa3 Rab8 27. Nf3 Qg6 28. Nh4 Qd3 29. Qc1 Rb6 30. Rf3 Qh7 31. Ref1 Qe4 32. Rf4 Qd3 33. R4f3 Qe4 34. a4 Rb7 35. Qa3 g5 36. Ng2 Ng6 37. Qd6 Rb2 38. h3 h5 39. R3f2 Rxf2 40. Rxf2 h4 41. gxh4 Nxh4 42. Qf6 Qg6 43. Nxh4 Qxf6 44. Rxf6 gxh4 45. Rd6 Rb8 46. Rxd5 Rb3 47. Rxa5 Rxc3 48. Rc5 Rc2 49. a5 Kf8 50. d5 c3 51. d6 Ke8 52. a6 Ra2 53. Rc8+ Kd7 54. Rc7+ Ke8 55. Rxc3 Rxa6 56. Rc8+ Kd7 57. Rf8 1-0

[Event "Cheliabinsk Variation-A"]
[Site "Cheliabinsk"]
[Date "2022.04.06"]
[Round "6"]
[White "Zhukov, Anton"]
[Black "Kamalidenova, Meruert"]
[Result "1-0"]
[WhiteElo "2179"]
[BlackElo "2427"]
[PlyCount "71"]
[EventDate "2022.04.01"]
[EventType "swiss"]
[EventRounds "9"]
[EventCountry "RUS"]
[SourceTitle "CBM 207 Extra"]
[Source "ChessBase"]
[SourceDate "2022.05.31"]
[SourceVersion "1"]
[SourceVersionDate "2022.05.31"]
[SourceQuality "1"]

1. e4 c5 2. Nf3 d6 3. d4 cxd4 4. Qxd4 Nf6 5. Bb5+ Bd7 6. c4 g6 7. 0-0 Bg7 8. Nc3 Nc6 9. Qd3 0-0 10. h3 a6 11. Bxc6 Bxc6 12. Nd4 Bd7 13. Be3 Rc8 14. Rac1 Qa5 15. a4 Qb4 16. b3 e5 17. Na2 Qa5 18. Bd2 Qb6 19. Ne2 Nxe4 20. Qxe4 Qxb3 21. Nb4 Bf5 22. Qe3 Qxa4 23. Nd5 Qe8 24. Bb4 Qd8 25. Rfd1 Re8 26. Qa3 Rc6 27. c5 Bh6 28. Ra1 Bc2 29. cxd6 Kh8 30. Ne7 Rc4 31. d7 Rf8 32. Nxg6+ hxg6 33. Be7 Qc7 34. Bxf8 Bxd1 35. Rxd1 Bg5 36. Be7 1-0

[Event "Novi Sad TS Mix 227th"]
[Site "Novi Sad"]
[Date "2021.12.02"]
[Round "4"]
[White "Zhukov, Anton"]
[Black "Lehaci, Miruna Daria"]
[Result "1-0"]
[WhiteElo "2249"]
[BlackElo "2212"]
[PlyCount "99"]
[EventDate "2021.11.30"]
[EventType "swiss"]
[EventRounds "9"]
[EventCountry "SRB"]
[SourceTitle "EXT 2023"]
[Source "ChessBase"]
[SourceDate "2022.10.05"]
[SourceVersion "1"]
[SourceVersionDate "2022.10.05"]
[SourceQuality "1"]

1. Nf3 d5 2. b3 Nf6 3. Bb2 Bg4 4. e3 c6 5. Be2 Nbd7 6. 0-0 Qc7 7. h3 Bh5 8. c4 e6 9. d3 Bd6 10. Nbd2 0-0 11. g4 Bg6 12. Nh4 e5 13. Nxg6 hxg6 14. cxd5 cxd5 15. Rc1 Qb8 16. Bf3 Nb6 17. Bg2 Nfd7 18. Nb1 Rd8 19. Nc3 Nf6 20. g5 Nh7 21. h4 Be7 22. a4 a5 23. Nb5 Bd6 24. Qg4 Nf8 25. f4 exf4 26. exf4 Rd7 27. Bd4 Qd8 28. Nxd6 Rxd6 29. f5 Qd7 30. Be5 gxf5 31. Qxf5 Rc6 32. Qf2 Nc8 33. Rxc6 bxc6 34. h5 Qa7 35. Bd4 Qe7 36. Bc5 Nd6 37. Bxd6 Qxd6 38. Qxf7+ Kh8 39. h6 Qe5 40. hxg7+ Qxg7 41. Qh5+ Kg8 42. Rf6 Ra7 43. Qe8 Rc7 44. Kh2 Qh7+ 45. Bh3 Qe7 46. Be6+ Kg7 47. Rg6+ Kh7 48. Rh6+ Kg7 49. Rh7+ Kxh7 50. Qh5+ 1-0

[Event "Sevastopol Waltz"]
[Site "Sevastopol"]
[Date "2021.08.25"]
[Round "9"]
[White "Triapishko, Alexandr"]
[Black "Zhukov, Anton"]
[Result "1-0"]
[WhiteElo "2506"]
[BlackElo "2248"]
[PlyCount "91"]
[EventDate "2021.08.17"]
[EventType "swiss"]
[EventRounds "9"]
[EventCountry "UKR"]
[SourceTitle "EXT 2022"]
[Source "ChessBase"]
[SourceDate "2021.10.06"]
[SourceVersion "1"]
[SourceVersionDate "2021.10.06"]
[SourceQuality "1"]

1. Nf3 Nf6 2. g3 g6 3. b3 Bg7 4. Bb2 b6 5. Bg2 Bb7 6. 0-0 0-0 7. c4 c5 8. Nc3 Nc6 9. d4 Nxd4 10. Nxd4 cxd4 11. Qxd4 Bxg2 12. Kxg2 d6 13. Nd5 Ne8 14. Qd2 Bxb2 15. Qxb2 Nc7 16. Rad1 Rc8 17. e4 Qd7 18. a4 Ne6 19. e5 Nc7 20. Nxe7+ Qxe7 21. exd6 Qe4+ 22. f3 Qc6 23. dxc7 Qxc7 24. Rfe1 Rfe8 25. Re2 h5 26. Rd5 h4 27. Rde5 Rxe5 28. Qxe5 hxg3 29. Qxc7 Rxc7 30. hxg3 Rd7 31. Re3 Rd2+ 32. Kh3 Kg7 33. Kg4 f5+ 34. Kg5 Kf7 35. g4 Rg2 36. Rc3 fxg4 37. fxg4 Re2 38. c5 bxc5 39. Rxc5 Re7 40. b4 Re4 41. Rc7+ Kf8 42. Rxa7 Rxb4 43. a5 Ra4 44. a6 Kg8 45. Kh6 Rxg4 46. Rb7 1-0

[Event "Sevastopol Waltz"]
[Site "Sevastopol"]
[Date "2021.08.24"]
[Round "8"]
[White "Tomilova, Elena"]
[Black "Zhukov, Anton"]
[Result "1/2-1/2"]
[WhiteElo "2256"]
[BlackElo "2248"]
[PlyCount "90"]
[EventDate "2021.08.17"]
[EventType "swiss"]
[EventRounds "9"]
[EventCountry "UKR"]
[SourceTitle "EXT 2022"]
[Source "ChessBase"]
[SourceDate "2021.10.06"]
[SourceVersion "1"]
[SourceVersionDate "2021.10.06"]
[SourceQuality "1"]

1. c4 Nf6 2. Nf3 g6 3. d4 Bg7 4. e3 0-0 5. Be2 d6 6. Nc3 c5 7. d5 e5 8. Qc2 Ne8 9. b3 f5 10. Bb2 a6 11. a3 Nd7 12. h4 h6 13. Nd2 Ndf6 14. f3 Nh5 15. Nf1 Bf6 16. 0-0-0 Nhg7 17. h5 gxh5 18. f4 h4 19. g3 Bd7 20. gxh4 e4 21. Ng3 Nc7 22. Nh5 Nxh5 23. Bxh5 Kh7 24. Rdg1 Be8 25. Bd1 Qe7 26. Qg2 b5 27. Qh3 Bh8 28. Rh2 bxc4 29. bxc4 Rb8 30. Ba1 Na8 31. Rg5 Qf6 32. Ra2 Qf7 33. Bh5 Qd7 34. Bxe8 Rbxe8 35. Rg3 Nb6 36. Qf1 Rg8 37. Rag2 Rxg3 38. Rxg3 Rg8 39. Rxg8 Kxg8 40. Bb2 Kf8 41. Qe2 Bxc3 42. Bxc3 Qa4 43. Qh5 Qxa3+ 44. Kc2 Qa2+ 45. Kc1 Qa3+ 1/2-1/2